[Event "GBR-ch111 Over 50"]
[Site "Liverpool"]
[Date "2025.08.04"]
[Round "1.23"]
[White "White, Nicholas E"]
[Black "Moyse, Nigel J"]
[Result "0-1"]
[WhiteElo "1706"]
[BlackElo "1944"]
[PlyCount "64"]
[EventDate "2025.08.04"]
[EventType "swiss"]
[EventRounds "7"]
[EventCountry "GBR"]
[SourceTitle "BritBase"]
[Source "John Saunders"]
[SourceDate "2025.08.11"]
[SourceVersion "1"]
[SourceVersionDate "2025.08.11"]
[SourceQuality "1"]

1. f4 d5 2. Nf3 g6 3. e3 Bg7 4. Nc3 Nf6 5. b3 O-O 6. Bb2 b6 7. Be2 Ba6 8. Bxa6 Nxa6 9. O-O c5 10. Ne2 Rc8 11. a3 Nb8 12. Ne5 Nc6 13. Nxc6 Rxc6 14. c4 dxc4 15. bxc4 Qd3 16. Nc1 Qxc4 17. d3 Qe6 18. e4 Rd8 19. Qf3 Qg4 20. Qe3 Qh5 21. h3 c4 22. Be5 Bh6 23. g4 Qxe5 24. Ra2 Nd5 25. Qf3 Nxf4 26. h4 cxd3 27. g5 Bxg5 28. hxg5 Qxg5+ 29. Kh1 Rf6 30. Rh2 Ne2 31. Qh3 Ng3+ 32. Kg2 Nxf1+ 0-1

[Event "GBR-ch111 Over 50"]
[Site "Liverpool"]
[Date "2025.08.04"]
[Round "1.24"]
[White "Baer, Bruce L"]
[Black "Richards, Simon"]
[Result "1-0"]
[WhiteElo "1938"]
[BlackElo "1697"]
[PlyCount "35"]
[EventDate "2025.08.04"]
[EventType "swiss"]
[EventRounds "7"]
[EventCountry "GBR"]
[SourceTitle "BritBase"]
[Source "John Saunders"]
[SourceDate "2025.08.11"]
[SourceVersion "1"]
[SourceVersionDate "2025.08.11"]
[SourceQuality "1"]

1. g3 e6 2. Bg2 d5 3. d3 Bd6 4. e4 c6 5. f4 Ne7 6. Nf3 dxe4 7. dxe4 Bb4+ 8. Nbd2 Qb6 9. Qe2 Nd7 10. c3 Bc5 11. b4 Bxb4 12. cxb4 Qxb4 13. O-O Nf6 14. Rb1 Qa4 15. Nc4 b6 16. Nd6+ Kf8 17. Nxc8 Rxc8 18. Ne5 1-0

[Event "GBR-ch111 Over 50"]
[Site "Liverpool"]
[Date "2025.08.04"]
[Round "1.25"]
[White "Weersing, Nathan"]
[Black "Brown, Alan M"]
[Result "0-1"]
[WhiteElo "1665"]
[BlackElo "1935"]
[PlyCount "80"]
[EventDate "2025.08.04"]
[EventType "swiss"]
[EventRounds "7"]
[EventCountry "GBR"]
[SourceTitle "BritBase"]
[Source "John Saunders"]
[SourceDate "2025.08.11"]
[SourceVersion "1"]
[SourceVersionDate "2025.08.11"]
[SourceQuality "1"]

1. e4 e6 2. d4 d5 3. Nd2 dxe4 4. Nxe4 Nd7 5. Nf3 Ngf6 6. Bd3 Be7 7. O-O Nxe4 8. Bxe4 Nf6 9. Bd3 O-O 10. c3 b6 11. Re1 Bb7 12. Bg5 Rc8 13. Qe2 c5 14. Ba6 Bxa6 15. Qxa6 cxd4 16. Rad1 Qc7 17. Bxf6 Bxf6 18. Nxd4 Ra8 19. Qd3 Rfd8 20. Qf3 Bxd4 21. Rxd4 Rxd4 22. Qxa8+ Rd8 23. Qf3 Qd7 24. g3 g6 25. Re4 Qd5 26. Qf6 Qxe4 27. Qxd8+ Kg7 28. Qd4+ Qxd4 29. cxd4 Kf6 30. g4 Kg5 31. f3 f5 32. h3 fxg4 33. hxg4 h5 34. gxh5 gxh5 35. Kf2 Kf4 36. a3 h4 37. b4 h3 38. b5 h2 39. Kg2 h1=Q+ 40. Kxh1 Kxf3 0-1

[Event "GBR-ch111 Over 50"]
[Site "Liverpool"]
[Date "2025.08.04"]
[Round "1.26"]
[White "Jennings, Richard"]
[Black "Strugar, Ioan"]
[Result "1-0"]
[WhiteElo "1926"]
[BlackElo "1659"]
[PlyCount "94"]
[EventDate "2025.08.04"]
[EventType "swiss"]
[EventRounds "7"]
[EventCountry "GBR"]
[SourceTitle "BritBase"]
[Source "John Saunders"]
[SourceDate "2025.08.11"]
[SourceVersion "1"]
[SourceVersionDate "2025.08.11"]
[SourceQuality "1"]

1. d4 f5 2. Bg5 g6 3. Nd2 Bg7 4. e4 fxe4 5. Nxe4 Nf6 6. Nxf6+ exf6 7. Be3 d6 8. h4 Be6 9. h5 gxh5 10. Qxh5+ Bf7 11. Qg4 Bf8 12. Qe4+ Be7 13. Qxb7 Nd7 14. b3 Qb8 15. Qxb8+ Rxb8 16. Bd3 Nf8 17. Ne2 Bg6 18. Kd2 Bxd3 19. Kxd3 d5 20. Rh5 c6 21. Rah1 Bd6 22. Bf4 Bxf4 23. Nxf4 Rb7 24. Rh6 Rf7 25. c4 Rg8 26. cxd5 cxd5 27. g3 Rg5 28. Nh5 Rf5 29. f4 Ng6 30. Rf1 Ne7 31. g4 Ng8 32. gxf5 Nxh6 33. Re1+ Kd7 34. Re6 Nxf5 35. Rxf6 Ke7 36. Ra6 Kf8 37. Ra5 Ng7 38. Rxd5 Nxh5 39. Rxh5 Kg7 40. Ke4 Kg6 41. Rg5+ Kh6 42. d5 Re7+ 43. Re5 Rxe5+ 44. Kxe5 Kg6 45. Ke6 h5 46. d6 h4 47. d7 h3 1-0

[Event "GBR-ch111 Over 50"]
[Site "Liverpool"]
[Date "2025.08.04"]
[Round "1.27"]
[White "Rooney, Derek"]
[Black "Sykes, Chris"]
[Result "0-1"]
[WhiteElo "1658"]
[BlackElo "1903"]
[PlyCount "94"]
[EventDate "2025.08.04"]
[EventType "swiss"]
[EventRounds "7"]
[EventCountry "GBR"]
[SourceTitle "BritBase"]
[Source "John Saunders"]
[SourceDate "2025.08.11"]
[SourceVersion "1"]
[SourceVersionDate "2025.08.11"]
[SourceQuality "1"]

1. d4 Nf6 2. c4 c5 3. e3 g6 4. Nf3 Bg7 5. Nc3 O-O 6. Be2 d6 7. d5 e6 8. O-O exd5 9. cxd5 Re8 10. Re1 a6 11. a4 Nbd7 12. Bd3 Ng4 13. e4 Nde5 14. Nxe5 Bxe5 15. g3 Qf6 16. Rf1 Bd4 17. Qe2 Ne5 18. Kg2 Bd7 19. Be3 Rac8 20. f3 Bxe3 21. Qxe3 g5 22. Qd2 Qh6 23. g4 c4 24. Bc2 Ng6 25. Ne2 Nh4+ 26. Kg1 Qf6 27. Qc3 Qe7 28. Ng3 f6 29. Nh5 Rf8 30. Ng3 Qe5 31. Ne2 Qxc3 32. Nxc3 Ng6 33. Kg2 Kf7 34. h3 h5 35. Kf2 Rh8 36. Rh1 Rh6 37. Ne2 Rch8 38. Ng3 hxg4 39. hxg4 Rh2+ 40. Rxh2 Rxh2+ 41. Ke3 Rxc2 42. Rb1 Nf4 43. Nf5 Bxf5 44. gxf5 b5 45. axb5 axb5 46. b3 Rc3+ 47. Kd4 Rd3# 0-1

[Event "GBR-ch111 Over 50"]
[Site "Liverpool"]
[Date "2025.08.04"]
[Round "1.28"]
[White "Coffey, Mike J"]
[Black "Slegg, Gary"]
[Result "1/2-1/2"]
[WhiteElo "1894"]
[BlackElo "1622"]
[PlyCount "72"]
[EventDate "2025.08.04"]
[EventType "swiss"]
[EventRounds "7"]
[EventCountry "GBR"]
[SourceTitle "BritBase"]
[Source "John Saunders"]
[SourceDate "2025.08.11"]
[SourceVersion "1"]
[SourceVersionDate "2025.08.11"]
[SourceQuality "1"]

1. d4 c5 2. c3 cxd4 3. cxd4 d5 4. Nc3 Nf6 5. Nf3 Nc6 6. Bf4 Bf5 7. Qb3 Na5 8. Qa4+ Bd7 9. Qc2 e6 10. e3 Rc8 11. Bd3 g6 12. h4 h5 13. Ng5 Ne4 14. Ngxe4 dxe4 15. Bxe4 f5 16. Bd3 Bc6 17. f3 Bd7 18. Kf2 Be7 19. g3 b5 20. a3 a6 21. Rac1 Kf7 22. Rhd1 Qb6 23. Qe2 Bd6 24. Bxd6 Qxd6 25. Bb1 Qe7 26. e4 f4 27. Rh1 fxg3+ 28. Kg2 Qd6 29. Rcd1 Qf4 30. d5 e5 31. Qe1 Nc4 32. Rd3 Nxb2 33. Re3 Nc4 34. Rd3 Nb2 35. Re3 Nc4 36. Rd3 Nb2 1/2-1/2

[Event "GBR-ch111 Over 50"]
[Site "Liverpool"]
[Date "2025.08.04"]
[Round "1.29"]
[White "Lynch, Chris"]
[Black "Trueman, Glenn"]
[Result "1/2-1/2"]
[WhiteElo "1615"]
[BlackElo "1891"]
[PlyCount "36"]
[EventDate "2025.08.04"]
[EventType "swiss"]
[EventRounds "7"]
[EventCountry "GBR"]
[SourceTitle "BritBase"]
[Source "John Saunders"]
[SourceDate "2025.08.11"]
[SourceVersion "1"]
[SourceVersionDate "2025.08.11"]
[SourceQuality "1"]

1. d4 Nf6 2. c4 e6 3. Nf3 c5 4. d5 b5 5. cxb5 Nxd5 6. e4 Nf6 7. Nc3 Bb7 8. e5 Ne4 9. Bd3 Nxc3 10. bxc3 Be7 11. O-O d5 12. exd6 Qxd6 13. Rb1 Nd7 14. Re1 Qd5 15. c4 Qh5 16. Be4 Bxe4 17. Rxe4 Qg6 18. Qc2 Nf6 1/2-1/2

[Event "GBR-ch111 Over 50"]
[Site "Liverpool"]
[Date "2025.08.04"]
[Round "1.30"]
[White "Jaszkiwskyj, Peter"]
[Black "Singhal, Saket"]
[Result "1-0"]
[WhiteElo "1889"]
[BlackElo "1613"]
[PlyCount "103"]
[EventDate "2025.08.04"]
[EventType "swiss"]
[EventRounds "7"]
[EventCountry "GBR"]
[SourceTitle "BritBase"]
[Source "John Saunders"]
[SourceDate "2025.08.11"]
[SourceVersion "1"]
[SourceVersionDate "2025.08.11"]
[SourceQuality "1"]

1. d4 d5 2. Nf3 Nf6 3. c4 c6 4. Nc3 e6 5. Bg5 h6 6. Bh4 g5 7. Bg3 dxc4 8. e4 b5 9. Be2 a6 10. Ne5 Bg7 11. h4 g4 12. Bxg4 Nxg4 13. Qxg4 Qf6 14. h5 Qg5 15. Qf3 Bxe5 16. Bxe5 Rg8 17. g3 b4 18. Ne2 Bb7 19. Bf4 Qf6 20. Qe3 c5 21. Bxh6 cxd4 22. Nxd4 Rg4 23. f3 Rxg3 24. Kf2 Rg8 25. e5 Qe7 26. Bf4 Nd7 27. h6 Nf8 28. h7 Rh8 29. Rag1 Rxh7 30. Rxh7 Nxh7 31. Rh1 Nf8 32. Bg5 Qc7 33. Rh8 Kd7 34. Qf4 f5 35. Bh6 Qa5 36. Rxf8 Rxf8 37. Bxf8 Qa4 38. a3 Qxa3 39. Bxb4 Qxb2+ 40. Qd2 Qxd2+ 41. Bxd2 Bd5 42. Ke3 Ke7 43. Ba5 Kf7 44. Ne2 Ke7 45. Nc3 Bb7 46. Na4 Bc6 47. Nc5 Bb5 48. Kd4 Kf7 49. f4 Ke7 50. Nb7 Kd7 51. Kc5 Ke7 52. Nd6 1-0

[Event "GBR-ch111 Over 50"]
[Site "Liverpool"]
[Date "2025.08.05"]
[Round "2.1"]
[White "Arkell, Keith C"]
[Black "Mason, Donald J"]
[Result "1-0"]
[WhiteElo "2363"]
[BlackElo "2015"]
[PlyCount "89"]
[EventDate "2025.08.04"]
[EventType "swiss"]
[EventRounds "7"]
[EventCountry "GBR"]
[SourceTitle "BritBase"]
[Source "John Saunders"]
[SourceDate "2025.08.11"]
[SourceVersion "1"]
[SourceVersionDate "2025.08.11"]
[SourceQuality "1"]

1. c4 g6 2. Nf3 Bg7 3. g3 Nf6 4. Bg2 O-O 5. O-O d6 6. d4 c5 7. Nc3 Nc6 8. dxc5 dxc5 9. Bf4 Nh5 10. Be3 b6 11. Qc1 Bb7 12. Bh6 Qe8 13. Bxg7 Kxg7 14. a3 Qc8 15. Nd5 e6 16. Qc3+ Kg8 17. Ne3 f5 18. b4 Qc7 19. b5 Nd4 20. Nxd4 cxd4 21. Qxd4 Bxg2 22. Kxg2 Rad8 23. Qc3 Nf6 24. Rad1 Ne4 25. Qc2 Qc5 26. Rd3 Qe5 27. Rfd1 Rc8 28. Rd4 Nc5 29. Nf1 f4 30. gxf4 Rxf4 31. Rxf4 Qxf4 32. Ng3 Rf8 33. f3 Qe3 34. a4 Qf4 35. Qc1 Qxc1 36. Rxc1 Rd8 37. Rc2 Rd4 38. Kf2 Nxa4 39. Ne4 Kf8 40. Ke3 Rd7 41. Ra2 Nc5 42. Nxc5 bxc5 43. Ra6 Rc7 44. Rxe6 Kf7 45. Ra6 1-0

[Event "GBR-ch111 Over 50"]
[Site "Liverpool"]
[Date "2025.08.05"]
[Round "2.2"]
[White "Homer, Stephen J"]
[Black "Merriman, John"]
[Result "0-1"]
[WhiteElo "2005"]
[BlackElo "2202"]
[PlyCount "64"]
[EventDate "2025.08.04"]
[EventType "swiss"]
[EventRounds "7"]
[EventCountry "GBR"]
[SourceTitle "BritBase"]
[Source "John Saunders"]
[SourceDate "2025.08.11"]
[SourceVersion "1"]
[SourceVersionDate "2025.08.11"]
[SourceQuality "1"]

1. e4 e6 2. d4 d5 3. Nd2 Nc6 4. Ngf3 Nf6 5. e5 Nd7 6. Nb3 a5 7. a4 Be7 8. Bb5 Na7 9. Bd3 b6 10. O-O c5 11. dxc5 bxc5 12. c4 Nc6 13. cxd5 exd5 14. Bb5 Ndb8 15. Qc2 c4 16. Nbd4 Bd7 17. Bxc6 Nxc6 18. Nxc6 Bxc6 19. Nd4 Bd7 20. Be3 O-O 21. f4 Qc7 22. Rf3 Bc5 23. Qf2 Rfc8 24. Qh4 Ra6 25. f5 Qxe5 26. Re1 Qf6 27. Qg4 Re8 28. Ne6 Bxe3+ 29. Rexe3 Qxb2 30. f6 g6 31. Qh4 Raxe6 32. Rf2 Qc1+ 0-1

[Event "GBR-ch111 Over 50"]
[Site "Liverpool"]
[Date "2025.08.05"]
[Round "2.3"]
[White "Moyse, Nigel J"]
[Black "Baker, Chris W"]
[Result "1-0"]
[WhiteElo "1944"]
[BlackElo "2187"]
[PlyCount "83"]
[EventDate "2025.08.04"]
[EventType "swiss"]
[EventRounds "7"]
[EventCountry "GBR"]
[SourceTitle "BritBase"]
[Source "John Saunders"]
[SourceDate "2025.08.11"]
[SourceVersion "1"]
[SourceVersionDate "2025.08.11"]
[SourceQuality "1"]

1. d4 Nf6 2. Nf3 g6 3. Bf4 d6 4. e3 Nh5 5. Bg5 h6 6. Bh4 g5 7. Nfd2 Ng7 8. Bg3 Nf5 9. Be2 Bg7 10. c3 Nd7 11. Nf1 Nf6 12. Nbd2 c6 13. e4 Nxg3 14. Nxg3 Qc7 15. a4 Bd7 16. a5 Rb8 17. h4 g4 18. h5 Rg8 19. Nc4 Nxe4 20. Nxe4 d5 21. Nc5 dxc4 22. Bxc4 Bf5 23. O-O Bf6 24. Re1 g3 25. f3 Qf4 26. Ne4 Bxe4 27. Rxe4 Qf5 28. Kf1 Qxh5 29. Ke2 Rg5 30. Kd3 Rxa5 31. Rxa5 Qxa5 32. Qe1 Qg5 33. Rg4 Qf5+ 34. Ke2 Qc2+ 35. Kf1 Bg5 36. f4 Qf5 37. Qxg3 Kd7 38. Bd3 Qf6 39. Kg1 Rg8 40. fxg5 Rxg5 41. Rxg5 hxg5 42. Qb8 1-0

[Event "GBR-ch111 Over 50"]
[Site "Liverpool"]
[Date "2025.08.05"]
[Round "2.4"]
[White "Brown, Alan M"]
[Black "Okike, David C"]
[Result "0-1"]
[WhiteElo "1935"]
[BlackElo "2165"]
[PlyCount "82"]
[EventDate "2025.08.04"]
[EventType "swiss"]
[EventRounds "7"]
[EventCountry "GBR"]
[SourceTitle "BritBase"]
[Source "John Saunders"]
[SourceDate "2025.08.11"]
[SourceVersion "1"]
[SourceVersionDate "2025.08.11"]
[SourceQuality "1"]

1. d4 Nf6 2. c4 e6 3. Nc3 d5 4. Bg5 Be7 5. e3 O-O 6. Nf3 h6 7. Bh4 b6 8. cxd5 exd5 9. Bd3 Bb7 10. O-O c5 11. Rc1 Nbd7 12. Re1 Re8 13. b3 a6 14. Qe2 Ne4 15. Bxe7 Qxe7 16. Na4 Qf6 17. dxc5 Ndxc5 18. Nxc5 Nxc5 19. Nd4 a5 20. a3 g6 21. Bb5 Rec8 22. Qg4 h5 23. Qe2 Qd6 24. b4 axb4 25. axb4 Ne4 26. Qb2 Qf6 27. Bd7 Rxc1 28. Rxc1 Nd6 29. Ra1 Rd8 30. Bh3 Bc8 31. Bxc8 Rxc8 32. Kf1 Ne4 33. f3 Kh7 34. Rc1 Rc4 35. Ke2 Nd6 36. b5 Qe5 37. f4 Qf6 38. Qb1 Qe7 39. Rxc4 dxc4 40. Nc6 Qe6 41. Qb4 Qd5 0-1

[Event "GBR-ch111 Over 50"]
[Site "Liverpool"]
[Date "2025.08.05"]
[Round "2.5"]
[White "Crocker, Philip J"]
[Black "Kee, Steve"]
[Result "1-0"]
[WhiteElo "2155"]
[BlackElo "1977"]
[PlyCount "53"]
[EventDate "2025.08.04"]
[EventType "swiss"]
[EventRounds "7"]
[EventCountry "GBR"]
[SourceTitle "BritBase"]
[Source "John Saunders"]
[SourceDate "2025.08.11"]
[SourceVersion "1"]
[SourceVersionDate "2025.08.11"]
[SourceQuality "1"]

1. c4 f5 2. Nf3 Nf6 3. g3 g6 4. b4 Bg7 5. Bb2 O-O 6. Bg2 d6 7. O-O e5 8. d3 Qe7 9. Nc3 Nc6 10. b5 Nd8 11. a4 Ne6 12. Nd2 Rb8 13. a5 f4 14. Nce4 Nxe4 15. Nxe4 Ng5 16. Nxg5 Qxg5 17. d4 Be6 18. Rc1 Rf7 19. c5 h5 20. cxd6 cxd6 21. dxe5 Bxe5 22. Bd5 fxg3 23. Bxe6 gxf2+ 24. Kh1 Qf4 25. Bxf7+ Kf8 26. Rxf2 Qxf2 27. Bxe5 1-0

[Event "GBR-ch111 Over 50"]
[Site "Liverpool"]
[Date "2025.08.05"]
[Round "2.6"]
[White "McMichael, Richard J"]
[Black "Baer, Bruce L"]
[Result "1-0"]
[WhiteElo "2112"]
[BlackElo "1938"]
[PlyCount "57"]
[EventDate "2025.08.04"]
[EventType "swiss"]
[EventRounds "7"]
[EventCountry "GBR"]
[SourceTitle "BritBase"]
[Source "John Saunders"]
[SourceDate "2025.08.11"]
[SourceVersion "1"]
[SourceVersionDate "2025.08.11"]
[SourceQuality "1"]

1. c4 g6 2. Nc3 Bg7 3. Nf3 d6 4. e3 e5 5. Be2 Ne7 6. h4 O-O 7. h5 c6 8. d4 Bg4 9. hxg6 hxg6 10. dxe5 dxe5 11. Bd2 Qb6 12. Ng5 Bxe2 13. Qxe2 Na6 14. O-O-O Nc5 15. Nge4 f5 16. Nxc5 Qxc5 17. Na4 Qd6 18. Bc3 Nd5 19. cxd5 b5 20. Qf3 bxa4 21. dxc6 Qc5 22. Rd7 a3 23. Qh3 Rf7 24. Qh7+ Kf8 25. Qxg6 Rxd7 26. cxd7 axb2+ 27. Kxb2 Rb8+ 28. Kc2 Qd5 29. Bb4+ 1-0

[Event "GBR-ch111 Over 50"]
[Site "Liverpool"]
[Date "2025.08.05"]
[Round "2.7"]
[White "Sykes, Chris"]
[Black "Dougherty, Michael"]
[Result "0-1"]
[WhiteElo "1903"]
[BlackElo "2076"]
[PlyCount "84"]
[EventDate "2025.08.04"]
[EventType "swiss"]
[EventRounds "7"]
[EventCountry "GBR"]
[SourceTitle "BritBase"]
[Source "John Saunders"]
[SourceDate "2025.08.11"]
[SourceVersion "1"]
[SourceVersionDate "2025.08.11"]
[SourceQuality "1"]

1. d4 g6 2. e4 Bg7 3. Nc3 c6 4. Nf3 d6 5. a4 Nf6 6. Bg5 h6 7. Be3 O-O 8. h3 e5 9. dxe5 dxe5 10. Qxd8 Rxd8 11. Bc4 Nbd7 12. O-O-O Re8 13. Rd2 Bf8 14. Re2 Kg7 15. Nh2 Nc5 16. Ng4 Bxg4 17. hxg4 Nxg4 18. Bd2 h5 19. f3 Nf6 20. g3 Ne6 21. f4 Nd4 22. Rf2 Ng4 23. Rff1 Bb4 24. f5 f6 25. fxg6 Kxg6 26. Rxh5 Rh8 27. Rh4 Rxh4 28. gxh4 Rh8 29. Ne2 Bxd2+ 30. Kxd2 Nxc2 31. Rh1 Nd4 32. Nxd4 Rd8 33. Rg1 Rxd4+ 34. Kc3 Kh5 35. Be2 Rxe4 36. Bxg4+ Rxg4 37. Rf1 Rf4 38. Rg1 Rxa4 39. Rg7 b5 40. Rf7 Kg6 41. Rc7 Rxh4 42. Rxc6 Rc4+ 0-1

[Event "GBR-ch111 Over 50"]
[Site "Liverpool"]
[Date "2025.08.05"]
[Round "2.8"]
[White "Cook, Phil"]
[Black "Regan, Natasha K"]
[Result "1/2-1/2"]
[WhiteElo "1844"]
[BlackElo "2064"]
[PlyCount "67"]
[EventDate "2025.08.04"]
[EventType "swiss"]
[EventRounds "7"]
[EventCountry "GBR"]
[SourceTitle "BritBase"]
[Source "John Saunders"]
[SourceDate "2025.08.11"]
[SourceVersion "1"]
[SourceVersionDate "2025.08.11"]
[SourceQuality "1"]

1. e4 e5 2. Nf3 Nc6 3. d4 exd4 4. Nxd4 Nf6 5. Nxc6 bxc6 6. e5 Qe7 7. Qe2 Nd5 8. h4 Qe6 9. Nd2 a5 10. Nf3 Ba6 11. c4 Bb4+ 12. Bd2 Nb6 13. b3 O-O 14. Qe3 Bxd2+ 15. Kxd2 d6 16. Bd3 Rad8 17. Kc2 a4 18. Rae1 d5 19. Bxh7+ Kh8 20. c5 d4 21. Nxd4 Nd5 22. Nxe6 Nxe3+ 23. Rxe3 fxe6 24. Be4 Rxf2+ 25. Kc3 Rxa2 26. Bxc6 a3 27. b4 Be2 28. Be4 Rdd2 29. Rb1 Bb5 30. Ree1 Kg8 31. Red1 Re2 32. Re1 Red2 33. Red1 Re2 34. Re1 1/2-1/2

[Event "GBR-ch111 Over 50"]
[Site "Liverpool"]
[Date "2025.08.05"]
[Round "2.9"]
[White "Brett, Andrew R"]
[Black "Jennings, Richard"]
[Result "1-0"]
[WhiteElo "2061"]
[BlackElo "1926"]
[PlyCount "55"]
[EventDate "2025.08.04"]
[EventType "swiss"]
[EventRounds "7"]
[EventCountry "GBR"]
[SourceTitle "BritBase"]
[Source "John Saunders"]
[SourceDate "2025.08.11"]
[SourceVersion "1"]
[SourceVersionDate "2025.08.11"]
[SourceQuality "1"]

1. d4 Nf6 2. c4 Nc6 3. Nf3 e6 4. g3 Bb4+ 5. Nbd2 Ne4 6. Bg2 Nxd2 7. Bxd2 Qe7 8. O-O Bxd2 9. Qxd2 d6 10. d5 exd5 11. cxd5 Nb8 12. b4 O-O 13. Nd4 a5 14. bxa5 Na6 15. Rac1 Bd7 16. e4 Rfc8 17. Rfe1 c6 18. dxc6 bxc6 19. Nf5 Bxf5 20. exf5 Qd7 21. f6 gxf6 22. Qh6 Nc5 23. Bh3 Ne6 24. Bf5 Ra7 25. Bxh7+ Kh8 26. Bf5+ Kg8 27. Rc4 Qd8 28. Rh4 1-0

[Event "GBR-ch111 Over 50"]
[Site "Liverpool"]
[Date "2025.08.05"]
[Round "2.10"]
[White "Miller, Jonathan"]
[Black "Minnican, Alan"]
[Result "0-1"]
[WhiteElo "1573"]
[BlackElo "2056"]
[PlyCount "83"]
[EventDate "2025.08.04"]
[EventType "swiss"]
[EventRounds "7"]
[EventCountry "GBR"]
[SourceTitle "BritBase"]
[Source "John Saunders"]
[SourceDate "2025.08.11"]
[SourceVersion "1"]
[SourceVersionDate "2025.08.11"]
[SourceQuality "1"]

1. d4 d6 2. e4 Nf6 3. Nc3 c6 4. Be3 Qa5 5. f3 Nbd7 6. a3 e5 7. b4 Qc7 8. Na4 b5 9. Nb2 Be7 10. Ne2 d5 11. Ng3 Nb6 12. Bd3 dxe4 13. fxe4 Ng4 14. Qd2 Nxe3 15. Qxe3 exd4 16. Qf3 O-O 17. Nf5 Bf6 18. O-O Be5 19. Qh5 g6 20. Nh6+ Kg7 21. Qh4 Be6 22. Rf5 Bxf5 23. exf5 Bxh2+ 24. Kh1 Qf4 25. f6+ Qxf6 26. Qxh2 Qg5 27. Nf5+ gxf5 28. Qe5+ Qf6 29. Qg3+ Kh8 30. Rf1 Qh6+ 31. Kg1 Qe3+ 32. Qf2 Rae8 33. Nd1 Qxf2+ 34. Nxf2 Re5 35. Nh3 Rfe8 36. Kh2 Nd5 37. Ng5 Kg7 38. Bxf5 Ne3 39. Rf3 Rxf5 40. Rg3 Rxg5 41. Rxg5+ Kf6 42. Rg3 0-1

[Event "GBR-ch111 Over 50"]
[Site "Liverpool"]
[Date "2025.08.05"]
[Round "2.11"]
[White "Smith, Jeff R"]
[Black "Jaszkiwskyj, Peter"]
[Result "1-0"]
[WhiteElo "2050"]
[BlackElo "1889"]
[PlyCount "71"]
[EventDate "2025.08.04"]
[EventType "swiss"]
[EventRounds "7"]
[EventCountry "GBR"]
[SourceTitle "BritBase"]
[Source "John Saunders"]
[SourceDate "2025.08.11"]
[SourceVersion "1"]
[SourceVersionDate "2025.08.11"]
[SourceQuality "1"]

1. e4 e6 2. d4 d5 3. Nd2 Nf6 4. e5 Nfd7 5. f4 c5 6. c3 Nc6 7. Ndf3 Nb6 8. Bd3 a5 9. Ne2 a4 10. O-O c4 11. Bc2 Bd7 12. g4 h5 13. gxh5 Rxh5 14. Ng3 Rh8 15. f5 Be7 16. Be3 Bh4 17. fxe6 Bxe6 18. Nf5 Bxf5 19. Bxf5 Qe7 20. Qd2 g6 21. Bg4 Nd8 22. Bg5 Bxg5 23. Nxg5 Nd7 24. e6 fxe6 25. Nxe6 Nxe6 26. Bxe6 O-O-O 27. Bxd5 Rh5 28. Rae1 Qh4 29. Be6 Kc7 30. Qf4+ Qxf4 31. Rxf4 b5 32. Rf7 Kd6 33. Bg4 Rhh8 34. Re6+ Kd5 35. Ra6 Ke4 36. Bxd7 1-0

[Event "GBR-ch111 Over 50"]
[Site "Liverpool"]
[Date "2025.08.05"]
[Round "2.12"]
[White "Ledger, Stephen C"]
[Black "Potter, Steven"]
[Result "1-0"]
[WhiteElo "2033"]
[BlackElo "1855"]
[PlyCount "63"]
[EventDate "2025.08.04"]
[EventType "swiss"]
[EventRounds "7"]
[EventCountry "GBR"]
[SourceTitle "BritBase"]
[Source "John Saunders"]
[SourceDate "2025.08.11"]
[SourceVersion "1"]
[SourceVersionDate "2025.08.11"]
[SourceQuality "1"]

1. b3 b6 2. Bb2 Bb7 3. e3 e6 4. Nf3 Nf6 5. c4 d6 6. Nc3 Nbd7 7. Be2 Be7 8. O-O e5 9. d4 O-O 10. Qc2 h6 11. Rad1 Qc8 12. dxe5 Nxe5 13. Nd5 Nxf3+ 14. Bxf3 Nxd5 15. Bxd5 c6 16. Bf3 Qe6 17. Rd2 Rac8 18. Rfd1 Rfd8 19. h3 d5 20. Bg4 Qe4 21. Bxc8 Qxc2 22. Rxc2 Bxc8 23. cxd5 cxd5 24. e4 Be6 25. exd5 Bf5 26. Rc7 Bd6 27. Rxa7 Re8 28. Ba3 Bb8 29. Re7 Rd8 30. d6 Bd7 31. Rc1 b5 32. Rxd7 1-0

[Event "GBR-ch111 Over 50"]
[Site "Liverpool"]
[Date "2025.08.05"]
[Round "2.13"]
[White "Duncan, Chris R"]
[Black "Graff, Ben"]
[Result "1-0"]
[WhiteElo "2196"]
[BlackElo "1809"]
[PlyCount "59"]
[EventDate "2025.08.04"]
[EventType "swiss"]
[EventRounds "7"]
[EventCountry "GBR"]
[SourceTitle "BritBase"]
[Source "John Saunders"]
[SourceDate "2025.08.11"]
[SourceVersion "1"]
[SourceVersionDate "2025.08.11"]
[SourceQuality "1"]

1. e4 Nc6 2. Nf3 d6 3. d4 g6 4. d5 Nb8 5. c4 Bg7 6. Nc3 e5 7. Be2 Ne7 8. O-O O-O 9. b4 f5 10. a4 fxe4 11. Nxe4 Bf5 12. Ng3 e4 13. Nd4 c5 14. bxc5 dxc5 15. Ngxf5 gxf5 16. Ne6 Qb6 17. a5 Qd6 18. Bf4 Be5 19. Bxe5 Qxe5 20. Nxf8 Kxf8 21. Rb1 Qd6 22. Rxb7 Nd7 23. Qd2 Ne5 24. Rfb1 Qg6 25. Qf4 Qd6 26. Qh4 N7g6 27. Qh6+ Ke8 28. Qxh7 f4 29. Bh5 e3 30. Qh8+ 1-0

[Event "GBR-ch111 Over 50"]
[Site "Liverpool"]
[Date "2025.08.05"]
[Round "2.14"]
[White "Neave, George"]
[Black "Ridge, Michael"]
[Result "1/2-1/2"]
[WhiteElo "2066"]
[BlackElo "1868"]
[PlyCount "73"]
[EventDate "2025.08.04"]
[EventType "swiss"]
[EventRounds "7"]
[EventCountry "GBR"]
[SourceTitle "BritBase"]
[Source "John Saunders"]
[SourceDate "2025.08.11"]
[SourceVersion "1"]
[SourceVersionDate "2025.08.11"]
[SourceQuality "1"]

1. d4 Nf6 2. c4 g6 3. Nc3 Bg7 4. e4 d6 5. Be2 O-O 6. Be3 Nbd7 7. Nf3 e5 8. O-O Qe7 9. Qc2 c6 10. d5 c5 11. Bg5 h6 12. Bd2 Ne8 13. g3 Kh7 14. Nh4 Ndf6 15. Kh1 Ng8 16. Bd3 Bf6 17. Ng2 Bh3 18. f3 h5 19. Rf2 Bg5 20. f4 Bxg2+ 21. Kxg2 exf4 22. Bxf4 Bxf4 23. Rxf4 Nef6 24. Raf1 Ng4 25. Qe2 Rae8 26. Nd1 Ne5 27. Bc2 Kg7 28. b3 Nh6 29. h3 Rh8 30. Nb2 Ref8 31. Nd3 Nd7 32. Re1 f6 33. a3 Nf7 34. b4 b6 35. Ba4 Nde5 36. Rf2 Nxd3 37. Qxd3 1/2-1/2